000 00709nam a22001695i 4500
001 171771
003 ES-MaACL
005 20230906214727.0
008 090529s1888 sp |||| | spa d
110 2 _aAcademia Provincial de Bellas Artes de San Jorge de Barcelona (1850)
_9140406
245 1 0 _aActa de la sesión pública celebrada el día 24 de junio de 1888 /
_cAcademia Provincial de Bellas Artes de Barcelona.
260 _aBarcelona :
_b[s.n.],
_c1888 (
_fImp. Barcelonesa)
300 _a31 p. ;
_c27 cm.
505 8 _aContiene discurso: Consideración social de la obra artística / Leopoldo Soler y Pérez (p. 15-26)
700 1 _aSoler y Pérez, Leopoldo.
_9140373
852 _aES-MaACL
_jT-893-F-10
999 _c171771
_d171771